000 00531nam a22001697a 4500
003 MACL
005 20160518160116.0
008 160518b xxu||||| |||| 00| 0 eng d
040 _cMACL
041 _aHindi
082 _a891.433
100 _aनागर, अमृतलाल
_941007
245 _aप्रतिनिधि कहानियॉ
_cअमृतलाल नागर
260 _aदिल्‍ली
_bकिताबघर प्रकाशन
_c2006
650 _aStories
_958023
942 _2ddc
_cHIN
999 _c54022
_d54022